As I look back (Record no. 222931)
[ view plain ]
| 000 -LEADER | |
|---|---|
| fixed length control field | 00623nam a22002177a 4500 |
| 005 - DATE AND TIME OF LATEST TRANSACTION | |
| control field | 20220516092522.0 |
| 008 - FIXED-LENGTH DATA ELEMENTS--GENERAL INFORMATION | |
| fixed length control field | 220516b ||||| |||| 00| 0 eng d |
| 040 ## - CATALOGING SOURCE | |
| Transcribing agency | Aloy |
| 041 ## - LANGUAGE CODE | |
| Language code of text/sound track or separate title | eng |
| 082 ## - DEWEY DECIMAL CLASSIFICATION NUMBER | |
| Edition number | 23 |
| Classification number | 921 |
| Item number | SASA |
| 100 ## - MAIN ENTRY--PERSONAL NAME | |
| Personal name | Yadavalli Sivarama Sastri |
| 100 ## - MAIN ENTRY--PERSONAL NAME | |
| 9 (RLIN) | 37104 |
| 245 ## - TITLE STATEMENT | |
| Title | As I look back |
| 260 ## - PUBLICATION, DISTRIBUTION, ETC. | |
| Place of publication, distribution, etc. | Hyderabad: |
| Name of publisher, distributor, etc. | Yadavalli Sivarama Sastri, |
| Date of publication, distribution, etc. | 2001. |
| 300 ## - PHYSICAL DESCRIPTION | |
| Extent | x,273p. |
| Other physical details | PB |
| Dimensions | 20x13cm. |
| 365 ## - TRADE PRICE | |
| Source of price type code | Autobiography |
| 520 ## - SUMMARY, ETC. | |
| Summary, etc. | Senior Advocate and freedom fighter |
| 650 ## - SUBJECT ADDED ENTRY--TOPICAL TERM | |
| Topical term or geographic name entry element | Autobiography |
| 9 (RLIN) | 37098 |
| 650 ## - SUBJECT ADDED ENTRY--TOPICAL TERM | |
| Topical term or geographic name entry element | Freedom Fighter |
| 9 (RLIN) | 37099 |
| 700 ## - ADDED ENTRY--PERSONAL NAME | |
| Personal name | SASTRI (Yadavalli Sivarama) |
| 9 (RLIN) | 37100 |
| 942 ## - ADDED ENTRY ELEMENTS (KOHA) | |
| Source of classification or shelving scheme | Dewey Decimal Classification |
| Koha item type | George Fernandes Collections |
| Withdrawn status | Lost status | Source of classification or shelving scheme | Damaged status | Not for loan | Collection code | Home library | Current library | Date acquired | Total Checkouts | Full call number | Barcode | Date last seen | Price effective from | Koha item type |
|---|---|---|---|---|---|---|---|---|---|---|---|---|---|---|
| Dewey Decimal Classification | Others | St Aloysius Library | St Aloysius Library | 03/24/2013 | 921 SASA | GF02033 | 05/16/2022 | 05/16/2022 | George Fernandes Collections |